Fifty years of English literature: 1900-1950 / (Record no. 3921)
[ view plain ]
| 000 -LEADER | |
|---|---|
| fixed length control field | 00435cam a2200169ua 4500 |
| 041 ## - LANGUAGE CODE | |
| Language code of text/sound track or separate title | eng |
| 082 ## - DEWEY DECIMAL CLASSIFICATION NUMBER | |
| Classification number | 828.09 |
| Item number | JAM/FI |
| 100 ## - MAIN ENTRY--AUTHOR NAME | |
| Personal name | James-Scott, R A . |
| 245 ## - TITLE STATEMENT | |
| Title | Fifty years of English literature: 1900-1950 / |
| 260 ## - PUBLICATION, DISTRIBUTION, ETC. (IMPRINT) | |
| Place of publication | London : |
| Name of publisher | Longman , |
| Year of publication | 1967. |
| 300 ## - PHYSICAL DESCRIPTION | |
| Number of Pages | 282 ; . |
| 942 ## - ADDED ENTRY ELEMENTS (KOHA) | |
| Koha item type | Books |
| Withdrawn status | Lost status | Damaged status | Home library | Current library | Date acquired | Full call number | Accession Number | Koha item type |
|---|---|---|---|---|---|---|---|---|
| Withdrawn | KAUAET | Malayalam University | 07/04/2012 | 828.09 | 11765 | Books |
